000 00826nas a2200265 4500
001 BR0902340
003 BR-BrBNA
005 20231205113342.0
007 ta
008 230509b bl.|||p| |||| 00| 00por d
040 _aBR-BrBNA
_bpor
_cBiblioteca Nacional de Agricultura
041 _a(Pt)
072 _aF30
100 1 _aResende, M.D.V. de
100 1 _aAssis, T.F. de
245 1 _aSeleção recorrente recíproca entre populações sintéticas multi-espécies (SRR-PSME)de eucalipto
650 _aEUCALIPTO
650 _aHIBRIDAÇÃO
650 _aCLONAGEM
650 _aCELULOSE
773 0 _tPesquisa Florestal Brasileira (Brazil)
_xISSN 1809-3647
_g(Jul-Dec 2008), (no. 57) p. 57-60
_wBR0902340
856 4 0 _dLink DSPACE/MAPA BR0902340
909 _a202311
_bLúcia
_c55
_dLúcia Elande
942 _2AGRIS
_n0
_cANA
999 _c203303
_d203303